| 000 | 00387 a2200169 4500 | ||
|---|---|---|---|
| 001 | 191174 | ||
| 020 | _a85-00-92872-3 | ||
| 040 | _cMagnum | ||
| 100 | _aJunqueira, Sonia | ||
| 240 | 1 | 0 |
_aInventadeira de besteira, eu?! _lpor |
| 245 | 1 | 0 | _aInventadeira de besteira, eu?! |
| 300 | _a31 | ||
| 362 | 0 | _a1995 | |
| 440 | 1 | _aEdiouro | |
| 697 | _aLITERATURA INFANTO-JUVENIL | ||
| 942 | _cBK | ||
| 999 |
_c191174 _d191174 |
||